Millorem l'atenció a les persones amb discapacitat
Descripción Física:
1 fulletó ; il. col. 10 x 21 cm
Materias:
Barcelona (Catalunya : Província). -- Gerència de Serveis de Benestar Social
; Discapacitats -- Serveis socials
Idioma:
Catalán
MARC
| LEADER | 00000nam a22000007a 4500 | ||
|---|---|---|---|
| 001 | 25083 | ||
| 008 | 211213b spa||||| |||| 00| 0 cat d | ||
| 080 | |a FU-67-117 | ||
| 245 | |a Millorem l'atenció a les persones amb discapacitat | ||
| 260 | |a Barcelona : |b Diputació de Barcelona. Àrea d'atenció a les persones : |b ECOM ; |c 2018 | ||
| 300 | |a 1 fulletó ; |b il. col. |c 10 x 21 cm | ||
| 610 | 1 | 0 | |a Barcelona (Catalunya : Província). |b Gerència de Serveis de Benestar Social |9 52907 |
| 650 | 0 | |9 39724 |a Discapacitats |x Serveis socials | |
| 710 | |a Barcelona (Catalunya : Província). |b Àrea d'Atenció a les Persones |9 52421 | ||
| 710 | 2 | |9 52432 |a ECOM | |
| 942 | |2 udc |c ARXIU |n 1 | ||
| 952 | |0 0 |1 0 |4 0 |6 FU67117 |7 1 |9 60900 |a Arxiu |b Arxiu |d 2021-12-13 |l 0 |o FU-67-117 |p 25083 |r 2021-12-13 00:00:00 |w 2021-12-13 |y ARXIU | ||
| 999 | |c 81027 |d 81027 | ||